Państwa leżące na zwrotniku raka - Statystyki

Ogólne statystyki
  • Ten quiz został rozwiązany 51 razy
  • Średni wynik to 12 z 17
Statystyki odpowiedzi
Państwo % Poprawnych
Chiny
92%
Indie
92%
Meksyk
88%
Arabia Saudyjska
86%
Maroko
84%
Egipt
82%
Libia
82%
Algieria
76%
Bangladesz
67%
Czad
67%
Mauretania
65%
Mali
61%
Niger
59%
Mjanma
57%
Zjednoczone Emiraty Arabskie
53%
Tajwan
49%
Bahamy
39%
Nie znaleziono quizów pasujących do podanych kryteriów
Rozkład punktacji
Procent ludzi z każdym wynikiem
Percentyl według liczby udzielonych odpowiedzi
Twoja historia wyników
Nie rozwiązałeś tego quizu